Paroles - Jul - La faille (Partie 1) - Statistiques

Statistiques générales
  • Ce quiz a été pris 175 fois
  • Le résultat moyen est 245 sur 499
Statistiques - réponses
Réponse % Correct
le
93%
me
90%
a
88%
je
87%
m'a
83%
ma
83%
les
81%
plus
81%
ça
79%
ca
79%
faire
78%
meme
78%
la
77%
trop
77%
faut
76%
pas
76%
pas"
76%
que
76%
boutiques
75%
jamais
73%
COUPLET 1 J'peux
72%
moi
72%
j'ai
71%
va
71%
de
69%
sous
69%
qui
68%
tropiques
67%
y
66%
aille
63%
dis
62%
j'me
62%
pro
61%
tu
61%
vite
61%
et
60%
te
60%
comme
59%
j'fais
59%
maintenant
59%
mon
58%
suis
58%
au
57%
si
57%
ou
56%
faille
55%
j'étais
55%
j'etais
55%
on
55%
problèmes
54%
veut
54%
en
52%
quand
52%
coeur
51%
gaffe
51%
ils
51%
fait
50%
font
50%
sécu'
50%
ta
50%
toi
49%
dit
48%
48%
déplace
47%
des
47%
sur
47%
besoin
46%
c'est
46%
fais
46%
l'maire
46%
qu'j'm'en
46%
tete"
46%
tete
46%
capté
45%
j'avais
45%
mal
45%
peu
45%
pour
45%
blanc
44%
un
44%
bien
43%
d'revolver
43%
j'suis
43%
carré
42%
qu'je
42%
grand
41%
j'montrerais
41%
levé
41%
leve
41%
parler
41%
t'es
41%
vas
41%
dans
40%
du
40%
l'romantique
40%
perquisitionner
40%
autotuné
39%
avec
39%
sais
39%
tchikita
39%
gens
38%
jean
38%
qu'tu
38%
bon
37%
d'AK
37%
jours
37%
musique
37%
veux
37%
d'sensations
36%
lune
36%
scoot
36%
vise
36%
base
35%
j'revendique
35%
percer
35%
pourritures
35%
c'était
34%
c'etait
34%
continues
34%
dur
34%
j'aime
34%
l'aventure
34%
mcdo
34%
m'saucissonner
34%
parlent
34%
partie
34%
rue
34%
succes
34%
tout
34%
zoner
34%
ceux
33%
dieu
33%
dis-moi
33%
fish
33%
lamborghini
33%
rose
33%
s'chiffonner
33%
sont
33%
albums
32%
carte
32%
crois
32%
fois
32%
kippa
32%
l'eau
32%
muerto
32%
potatoes
32%
additionnés
31%
caisse"
31%
chaque
31%
choses
31%
cote
31%
d'la
31%
GS
31%
j'ose
31%
menu
31%
"monte
31%
musulman
31%
ont
31%
plein
31%
aix
30%
chrétien
30%
cuisine
30%
fumette
30%
j'comptais
30%
j'passe
30%
j'respecte
30%
mecs
30%
mermoz
30%
monde
30%
t'mettre
30%
van
30%
avocat
29%
bons
29%
emprisonné
29%
j'accepte
29%
l'journal
29%
missile
29%
propose
29%
t'aimes
29%
cotoyé
28%
dedans
28%
doses
28%
ecoute
28%
elle
28%
eu
28%
fumée
28%
gosse
28%
j'prends
28%
provence
28%
qu'la
28%
revenant
28%
ski
28%
j'finis
27%
j't'avoue
27%
pourtant
27%
sait
27%
sang
27%
souvent
27%
t'rentre
27%
voiture
27%
yayayaya
27%
bac
26%
clair
26%
failli
26%
faux
26%
j'envoie
26%
j'sais
26%
j'te
26%
l'arai
26%
l'temps
26%
malade
26%
m'faut
26%
qu'elle
26%
l'autre
25%
m'lever
25%
parles
25%
polos
25%
aiment
24%
appris
24%
c'que
24%
d'traitre
24%
finir
24%
m'as
24%
nature
24%
ouais
24%
pepe
24%
qu'ils
24%
s'tu
24%
"s'tu
24%
visière
24%
braquages
23%
homicides
23%
toujours
23%
vieillis
23%
vol
23%
bailler
22%
plaque
22%
change
21%
l'gros
21%
passe
21%
revuelto
21%
taule
21%
vente
21%
envie
20%
l'surveillant
20%
pervers
20%
piste
20%
sud
20%
ballon
19%
guerilla
19%
j'viens
19%
m'reconnait
19%
qu'j'aurais
19%
recommence
19%
ventre
19%
alors
18%
boule
18%
dijk
18%
j'mets
18%
j'm'habille
18%
terter
18%
bavent
17%
qu'tout
17%
"dis-toi
16%
j'entends
16%
vont
16%
rentres
15%
surtout
15%
t'niquer
15%
colleur
14%
tempete
13%
quille
11%
civ
10%
qu'dans
10%
schmits
10%
tournent
10%
qu't'aies
9%
flanche
8%
pleins
3%
Aucun quiz correspondant
Distribution des résultats
% des personnes avec chaque résultat
Percentile par nombre de réponses
Votre historique - résultats
Vous n’avez pas pris ce quiz